[Event "LSS CP-2006-P-00062"]
[Site "LSS email"]
[Date "2006.10.01"]
[Round "?"]
[White "Ojeda, Jose Luis"]
[Black "Beri, Sushil Kumar"]
[Result "0-1"]
[WhiteElo "2237"]
[BlackElo "881"]
[PlyCount "22"]
[EventDate "2006.10.01"]
[EventType "tourn (corr)"]
[EventRounds "6"]
[EventCountry "GER"]
[SourceTitle "Corr 2015"]
[Source "ChessBase"]
[SourceDate "2015.07.17"]
[SourceVersion "1"]
[SourceVersionDate "2015.07.17"]
[SourceQuality "1"]

1. d4 d5 2. c4 c6 3. Nf3 e6 4. e3 Nf6 5. Bd3 Be7 6. 0-0 0-0 7. Nc3 h6 8. Ne5 Nbd7 9. f4 a6 10. c5 Nxe5 11. fxe5 Nd7 0-1

[Event "IECG OP.2006.0.00114"]
[Site "IECG email"]
[Date "2006.08.10"]
[Round "?"]
[White "Beri, Sushil Kumar"]
[Black "Van Bommel, Ton"]
[Result "0-1"]
[WhiteElo "800"]
[BlackElo "2018"]
[PlyCount "52"]
[EventDate "2006.08.10"]
[EventType "tourn (corr)"]
[EventRounds "6"]
[SourceTitle "Corr 2008"]
[Source "ChessBase"]
[SourceDate "2008.06.24"]
[SourceVersion "1"]
[SourceVersionDate "2008.06.24"]
[SourceQuality "1"]

1. d4 Nf6 2. Bf4 e6 3. e3 Nc6 4. Bd3 Bb4+ 5. c3 Be7 6. Ne2 d6 7. 0-0 e5 8. Bg3 e4 9. Bb5 0-0 10. Nd2 a6 11. Ba4 d5 12. c4 Nb4 13. cxd5 Bf5 14. a3 Nbxd5 15. Bb3 c5 16. Rc1 Rc8 17. dxc5 Bxc5 18. Bh4 Nxe3 19. fxe3 Bxe3+ 20. Kh1 Rxc1 21. Nxc1 Qxd2 22. Bxf6 Qxd1 23. Rxd1 gxf6 24. Na2 Bf2 25. Nc3 e3 26. h3 Rc8 0-1

[Event "IECG OP.2006.0.00107"]
[Site "IECG email"]
[Date "2006.08.02"]
[Round "?"]
[White "Beri, Sushil Kumar"]
[Black "Dawkins, Arthur William"]
[Result "1-0"]
[WhiteElo "800"]
[BlackElo "1335"]
[PlyCount "47"]
[EventDate "2006.08.02"]
[EventType "tourn (corr)"]
[EventRounds "6"]
[SourceTitle "Corr 2008"]
[Source "ChessBase"]
[SourceDate "2008.06.24"]
[SourceVersion "1"]
[SourceVersionDate "2008.06.24"]
[SourceQuality "1"]

1. d4 Nf6 2. c4 g6 3. Nc3 d5 4. e3 c6 5. Nf3 Bg7 6. Be2 dxc4 7. Bxc4 b5 8. Bd3 Nbd7 9. 0-0 0-0 10. e4 a6 11. Bg5 h6 12. Bf4 Re8 13. Rc1 Nh5 14. Be3 Nb6 15. h3 Bb7 16. a3 Qc7 17. e5 g5 18. Nxg5 f6 19. Ne6 Qd7 20. Nc5 Qc7 21. Qxh5 Nd5 22. Nxd5 cxd5 23. Ne6 Qa5 24. Nxg7 1-0

[Event "IECG OP.2006.0.00099"]
[Site "IECG email"]
[Date "2006.07.25"]
[Round "?"]
[White "Newton, Lynn"]
[Black "Beri, Sushil Kumar"]
[Result "1-0"]
[WhiteElo "1500"]
[BlackElo "800"]
[PlyCount "47"]
[EventDate "2006.07.25"]
[EventType "tourn (corr)"]
[EventRounds "6"]
[SourceTitle "Corr 2008"]
[Source "ChessBase"]
[SourceDate "2008.06.24"]
[SourceVersion "1"]
[SourceVersionDate "2008.06.24"]
[SourceQuality "1"]

1. e4 c5 2. Nf3 Nc6 3. d4 cxd4 4. Nxd4 e5 5. Nb5 d6 6. N1c3 a6 7. Na3 Nf6 8. Bg5 Be7 9. Bxf6 Bxf6 10. Nd5 b5 11. c4 0-0 12. cxb5 Nd4 13. bxa6 Qa5+ 14. Nc3 Bxa6 15. Nc4 Bxc4 16. Bxc4 Qb4 17. Bb3 Rac8 18. 0-0 Bg5 19. Nd5 Qb5 20. f4 Ne2+ 21. Kh1 Nxf4 22. Qg4 Nxd5 23. Bxd5 Qxd5 24. exd5 1-0

[Event "IECG OP.2006.0.00099"]
[Site "IECG email"]
[Date "2006.07.25"]
[Round "?"]
[White "Wright, Growly"]
[Black "Beri, Sushil Kumar"]
[Result "0-1"]
[WhiteElo "800"]
[BlackElo "800"]
[PlyCount "32"]
[EventDate "2006.07.25"]
[EventType "tourn (corr)"]
[EventRounds "6"]
[SourceTitle "Corr 2008"]
[Source "ChessBase"]
[SourceDate "2008.06.24"]
[SourceVersion "1"]
[SourceVersionDate "2008.06.24"]
[SourceQuality "1"]

1. d4 d5 2. Nc3 e6 3. Bf4 a6 4. Nf3 Nf6 5. g3 c5 6. dxc5 Bxc5 7. Ne5 Nc6 8. Nxc6 bxc6 9. Qb1 0-0 10. Na4 Qa5+ 11. Nc3 Ne4 12. f3 Bf2+ 13. Kd1 Nxc3+ 14. bxc3 Rb8 15. Qxb8 Qxc3 16. Rb1 Qe1# 0-1

[Event "IECG ZN.2006.0.00044"]
[Site "IECG email"]
[Date "2006.07.21"]
[Round "?"]
[White "Schoenbuchner, Gertraud"]
[Black "Beri, Sushil Kumar"]
[Result "0-1"]
[WhiteElo "713"]
[BlackElo "800"]
[PlyCount "88"]
[EventDate "2006.07.21"]
[EventType "match (corr)"]
[EventRounds "2"]
[SourceTitle "Corr 2008"]
[Source "ChessBase"]
[SourceDate "2008.06.24"]
[SourceVersion "1"]
[SourceVersionDate "2008.06.24"]
[SourceQuality "1"]

1. e4 c5 2. Nc3 d6 3. g3 Nc6 4. f4 e6 5. Nf3 Nf6 6. Bg2 Be7 7. 0-0 0-0 8. d3 h6 9. Be3 Ng4 10. Bd2 a6 11. h3 Nf6 12. Nh4 Bd7 13. f5 Rc8 14. g4 Nxe4 15. Nxe4 Bxh4 16. Nxd6 Rc7 17. Bf4 e5 18. Be3 b6 19. Ne4 Bc8 20. Qf3 Bb7 21. f6 Nd4 22. Qd1 Bxe4 23. fxg7 Kxg7 24. Bxe4 Ne6 25. Kh2 Bg5 26. Bxg5 Nxg5 27. Qe2 Qd6 28. Rf5 Ne6 29. c3 Nf4 30. Qe3 f6 31. h4 a5 32. g5 fxg5 33. hxg5 Rxf5 34. Bxf5 hxg5 35. Rg1 Qh6+ 36. Kg3 Kf6 37. d4 cxd4 38. cxd4 exd4 39. Qe4 Qh4+ 40. Kf3 Re7 41. Qxd4+ Kxf5 42. Qxb6 Qh3+ 43. Rg3 Qf1+ 44. Qf2 Qd3+ 0-1

[Event "IECG RN.2006.0.00005"]
[Site "IECG email"]
[Date "2006.07.16"]
[Round "?"]
[White "Beri, Sushil Kumar"]
[Black "Gimenes, Luiz"]
[Result "0-1"]
[WhiteElo "800"]
[BlackElo "800"]
[PlyCount "48"]
[EventDate "2006.07.16"]
[EventType "tourn (corr)"]
[EventRounds "6"]
[SourceTitle "Corr 2008"]
[Source "ChessBase"]
[SourceDate "2008.06.24"]
[SourceVersion "1"]
[SourceVersionDate "2008.06.24"]
[SourceQuality "1"]

1. d4 Nf6 2. c4 e6 3. e3 d5 4. Nc3 Bb4 5. Nf3 0-0 6. Be2 c5 7. 0-0 cxd4 8. exd4 Nc6 9. a3 Bd6 10. cxd5 Nxd5 11. Nxd5 exd5 12. Bb5 Bg4 13. Bxc6 bxc6 14. Qd3 Bxf3 15. Qxf3 Qh4 16. g3 Qxd4 17. Rd1 Qb6 18. b4 a5 19. Bb2 axb4 20. Qg4 g6 21. Qh4 bxa3 22. Bf6 Rfe8 23. Rd4 Bf8 24. Qf4 Re6 0-1

[Event "IECG RN.2006.0.00005"]
[Site "IECG email"]
[Date "2006.07.16"]
[Round "?"]
[White "Biro, Adam"]
[Black "Beri, Sushil Kumar"]
[Result "1-0"]
[WhiteElo "800"]
[BlackElo "800"]
[PlyCount "69"]
[EventDate "2006.07.16"]
[EventType "tourn (corr)"]
[EventRounds "6"]
[SourceTitle "Corr 2008"]
[Source "ChessBase"]
[SourceDate "2008.06.24"]
[SourceVersion "1"]
[SourceVersionDate "2008.06.24"]
[SourceQuality "1"]

1. e4 c5 2. Nf3 Nc6 3. Nc3 d6 4. d4 cxd4 5. Nxd4 e5 6. Nb3 Nf6 7. Bc4 Be7 8. a3 0-0 9. 0-0 Bg4 10. Qd3 Rc8 11. Be3 a6 12. Bd5 b5 13. Bxc6 Rxc6 14. a4 b4 15. Nd5 Nxd5 16. exd5 Rc8 17. Rac1 Bg5 18. a5 g6 19. Qxa6 Bxe3 20. fxe3 Qg5 21. Qxd6 Qxe3+ 22. Kh1 Be2 23. Rfe1 Qf2 24. Qxb4 Bc4 25. Qb6 Qf4 26. d6 Bd5 27. Qe3 Qg4 28. Qd2 Qe6 29. Red1 Ba8 30. d7 Rcd8 31. Nc5 Qc6 32. b4 Rb8 33. c4 Qf6 34. b5 e4 35. Na6 1-0

[Event "IECG OP.2006.0.00091"]
[Site "IECG email"]
[Date "2006.07.09"]
[Round "?"]
[White "Beri, Sushil Kumar"]
[Black "Kotturi, Srinivas"]
[Result "0-1"]
[WhiteElo "800"]
[BlackElo "800"]
[PlyCount "70"]
[EventDate "2006.07.09"]
[EventType "tourn (corr)"]
[EventRounds "6"]
[SourceTitle "Corr 2008"]
[Source "ChessBase"]
[SourceDate "2008.06.24"]
[SourceVersion "1"]
[SourceVersionDate "2008.06.24"]
[SourceQuality "1"]

1. d4 Nf6 2. c4 e6 3. Nc3 Bb4 4. e3 0-0 5. Nf3 c5 6. Be2 Bxc3+ 7. bxc3 d6 8. 0-0 Nc6 9. a4 e5 10. Ba3 Qe7 11. d5 Na5 12. Qc2 e4 13. Nd2 b6 14. Rfe1 Qe5 15. Nf1 Re8 16. Ng3 Qg5 17. Bc1 h5 18. f4 exf3 19. Bxf3 h4 20. e4 Qg6 21. Ne2 h3 22. Nf4 Qh7 23. g3 Bf5 24. Ne6 Bxe6 25. dxe6 Rxe6 26. Bg5 Nxc4 27. Bxf6 Rxf6 28. Bg4 Ne5 29. Qe2 Qh6 30. Rf1 Nxg4 31. Qxg4 Re8 32. Rf4 Rxf4 33. gxf4 Rxe4 34. Qc8+ Kh7 35. Kh1 Qh5 0-1

[Event "IECG ZN.2006.0.00034"]
[Site "IECG email"]
[Date "2006.07.08"]
[Round "?"]
[White "Shadenfroid, Lenny"]
[Black "Beri, Sushil Kumar"]
[Result "1-0"]
[WhiteElo "800"]
[BlackElo "800"]
[PlyCount "71"]
[EventDate "2006.07.08"]
[EventType "match (corr)"]
[EventRounds "2"]
[SourceTitle "Corr 2008"]
[Source "ChessBase"]
[SourceDate "2008.06.24"]
[SourceVersion "1"]
[SourceVersionDate "2008.06.24"]
[SourceQuality "1"]

1. d4 d5 2. c4 c6 3. Nc3 e6 4. Nf3 Nf6 5. e3 Be7 6. Bd3 0-0 7. 0-0 h6 8. Ne5 Nbd7 9. f4 c5 10. cxd5 Nxd5 11. Be4 N7f6 12. Bf3 a6 13. Re1 Qc7 14. Nxd5 exd5 15. b3 cxd4 16. exd4 Bf5 17. Bb2 Bb4 18. Re2 Rac8 19. a3 Bd6 20. Rc1 Qb6 21. b4 Rfe8 22. Rxc8 Rxc8 23. Qb3 Bxe5 24. fxe5 Ne4 25. Qxd5 Nc3 26. Bxc3 Rxc3 27. Qd6 Qb5 28. Kf2 Qd3 29. Bxb7 Rxa3 30. Bf3 Rb3 31. e6 fxe6 32. Rxe6 Bxe6 33. Qxe6+ Kf8 34. Qc8+ Ke7 35. Qc7+ Ke8 36. Bc6+ 1-0

[Event "IECG OP.2006.0.00088"]
[Site "IECG email"]
[Date "2006.07.04"]
[Round "?"]
[White "Beri, Sushil Kumar"]
[Black "Pietrzak, Wojciech"]
[Result "1-0"]
[WhiteElo "800"]
[BlackElo "1528"]
[PlyCount "91"]
[EventDate "2006.07.04"]
[EventType "tourn (corr)"]
[EventRounds "6"]
[SourceTitle "Corr 2008"]
[Source "ChessBase"]
[SourceDate "2008.06.24"]
[SourceVersion "1"]
[SourceVersionDate "2008.06.24"]
[SourceQuality "1"]

1. d4 Nf6 2. c4 e6 3. Nc3 Bb4 4. e3 0-0 5. Nf3 Re8 6. Be2 Bf8 7. 0-0 d5 8. cxd5 exd5 9. Qc2 Bg4 10. h3 Bh5 11. Bd2 Ne4 12. Rfe1 c5 13. Ne5 Bxe2 14. Nxe2 Qh4 15. Rf1 Re6 16. Nf3 Qe7 17. Nf4 Nxd2 18. Qxd2 Rh6 19. Nxd5 Qe4 20. Nc7 Rg6 21. Qe2 cxd4 22. Rfd1 Nc6 23. Nxa8 Ne5 24. Kf1 d3 25. Rxd3 Nxd3 26. Rd1 Ne5 27. Rd4 Qb1+ 28. Rd1 Qe4 29. Rd4 Qb1+ 30. Qe1 Qxe1+ 31. Nxe1 Rc6 32. Rd8 g6 33. f4 Nc4 34. Kf2 Nxb2 35. Nf3 Kg7 36. Ne5 Rc2+ 37. Kf3 Nc4 38. Rd7 Nxe5+ 39. fxe5 Rc8 40. Nc7 Kg8 41. Nd5 Rb8 42. a4 a5 43. Nf6+ Kg7 44. Nd5 Kg8 45. e6 Bc5 46. Rxf7 1-0

[Event "IECG OP.2006.0.00087"]
[Site "IECG email"]
[Date "2006.07.03"]
[Round "?"]
[White "Beri, Sushil Kumar"]
[Black "Ong, Allan C"]
[Result "1-0"]
[WhiteElo "800"]
[BlackElo "887"]
[PlyCount "41"]
[EventDate "2006.07.03"]
[EventType "tourn (corr)"]
[EventRounds "6"]
[SourceTitle "Corr 2008"]
[Source "ChessBase"]
[SourceDate "2008.06.24"]
[SourceVersion "1"]
[SourceVersionDate "2008.06.24"]
[SourceQuality "1"]

1. d4 d5 2. c4 e5 3. e3 exd4 4. Qxd4 Nf6 5. cxd5 Nxd5 6. Bc4 c6 7. Nc3 Bb4 8. Bxd5 Bxc3+ 9. bxc3 Qxd5 10. Qxg7 Rf8 11. Ba3 c5 12. Rd1 Qxa2 13. Bxc5 Nd7 14. Bxf8 Nxf8 15. Nf3 Qc4 16. Qd4 Qc7 17. 0-0 Be6 18. Ng5 Bc4 19. Ne4 Bxf1 20. Nf6+ Ke7 21. Nd5+ 1-0

[Event "IECG ZN.2006.0.00030"]
[Site "IECG email"]
[Date "2006.06.28"]
[Round "?"]
[White "Beri, Sushil Kumar"]
[Black "Goletto, Piero Giuseppe"]
[Result "1-0"]
[WhiteElo "800"]
[BlackElo "800"]
[PlyCount "41"]
[EventDate "2006.06.28"]
[EventType "match (corr)"]
[EventRounds "2"]
[SourceTitle "Corr 2008"]
[Source "ChessBase"]
[SourceDate "2008.06.24"]
[SourceVersion "1"]
[SourceVersionDate "2008.06.24"]
[SourceQuality "1"]

1. d4 Nf6 2. c4 Nc6 3. e3 d6 4. Nc3 Bg4 5. Nf3 e5 6. Be2 Qe7 7. h3 Bh5 8. 0-0 0-0-0 9. d5 Qe8 10. dxc6 bxc6 11. Qa4 a5 12. Qxa5 Nd5 13. cxd5 Be7 14. Nb5 cxb5 15. Bxb5 Qxb5 16. Qxb5 Bh4 17. Nxh4 g5 18. Nf5 c6 19. Qxc6+ Kb8 20. Nxd6 Be2 21. Qb7# 1-0

[Event "IECG ZN.2006.0.00030"]
[Site "IECG email"]
[Date "2006.06.28"]
[Round "?"]
[White "Goletto, Piero Giuseppe"]
[Black "Beri, Sushil Kumar"]
[Result "0-1"]
[WhiteElo "800"]
[BlackElo "800"]
[PlyCount "44"]
[EventDate "2006.06.28"]
[EventType "match (corr)"]
[EventRounds "2"]
[SourceTitle "Corr 2008"]
[Source "ChessBase"]
[SourceDate "2008.06.24"]
[SourceVersion "1"]
[SourceVersionDate "2008.06.24"]
[SourceQuality "1"]

1. e4 c5 2. Nf3 Nc6 3. Bb5 d6 4. Nc3 e6 5. d3 a6 6. Bg5 Be7 7. 0-0 axb5 8. a3 Bxg5 9. Nxg5 Qxg5 10. Qc1 Qxc1 11. Raxc1 Nd4 12. Nxb5 Nxb5 13. a4 Nd4 14. c3 Ne2+ 15. Kh1 Nxc1 16. Rxc1 Rxa4 17. c4 Ne7 18. Rg1 Rb4 19. b3 Rxb3 20. d4 b6 21. dxc5 bxc5 22. f4 Ng6 0-1

[Event "IECG SN.2006.0.00003"]
[Site "IECG email"]
[Date "2006.06.04"]
[Round "?"]
[White "Beri, Sushil Kumar"]
[Black "Hughes, Chris"]
[Result "1-0"]
[WhiteElo "800"]
[BlackElo "721"]
[PlyCount "57"]
[EventDate "2006.06.04"]
[EventType "tourn (corr)"]
[EventRounds "6"]
[SourceTitle "Corr 2008"]
[Source "ChessBase"]
[SourceDate "2008.06.24"]
[SourceVersion "1"]
[SourceVersionDate "2008.06.24"]
[SourceQuality "1"]

1. e4 e6 2. Nc3 Nf6 3. d3 d5 4. e5 Nfd7 5. Nf3 c5 6. Be2 Nc6 7. 0-0 Be7 8. Bf4 0-0 9. Nb5 f6 10. exf6 Bxf6 11. Bc7 Qe8 12. Bd6 Be7 13. Nc7 Qd8 14. Nxe6 Qe8 15. Nxf8 Bxd6 16. Nxd7 Bxd7 17. Re1 Qg6 18. c3 Be7 19. Qb3 Na5 20. Qxd5+ Be6 21. Qe4 Qf6 22. Nd2 Nc6 23. Nf1 Rf8 24. Bf3 Bf5 25. Qd5+ Kh8 26. Ng3 Bg6 27. Qe6 Qxe6 28. Rxe6 Rf7 29. Rae1 1-0